000 nam a22 7a 4500
999 _c9624
_d9624
008 180205b ||||| |||| 00| 0 eng d
100 _aBhanot, D P
_95752
245 _aCommunicative work book -VII
260 _aNew Delhi
_bHoly faith publication